| 000 -LEADER |
| fixed length control field |
01332cam a2200349 a 4500 |
| 001 - CONTROL NUMBER |
| control field |
15845444 |
| 005 - DATE AND TIME OF LATEST TRANSACTION |
| control field |
20160217101541.0 |
| 008 - FIXED-LENGTH DATA ELEMENTS--GENERAL INFORMATION |
| fixed length control field |
090731s2011 caua 001 0 eng |
| 010 ## - LIBRARY OF CONGRESS CONTROL NUMBER |
| LC control number |
2009933930 |
| 020 ## - INTERNATIONAL STANDARD BOOK NUMBER |
| International Standard Book Number |
9781439044421 |
| 020 ## - INTERNATIONAL STANDARD BOOK NUMBER |
| International Standard Book Number |
1439044422 |
| 040 ## - CATALOGING SOURCE |
| Original cataloging agency |
DLC |
| Transcribing agency |
DLC |
| Modifying agency |
DLC |
| 042 ## - AUTHENTICATION CODE |
| Authentication code |
pcc |
| 050 00 - LIBRARY OF CONGRESS CALL NUMBER |
| Classification number |
QA 39.3 .T87 2011 |
| Item number |
.T87 2011 |
| 082 00 - DEWEY DECIMAL CLASSIFICATION NUMBER |
| Classification number |
510 |
| Edition number |
23 |
| 100 1# - MAIN ENTRY--PERSONAL NAME |
| Personal name |
Tussy, Alan S. |
| Dates associated with a name |
1951 |
| 245 10 - TITLE STATEMENT |
| Title |
Basic mathematics for college students: |
| Statement of responsibility, etc. |
Alan,Tussy S. |
| 250 ## - EDITION STATEMENT |
| Edition statement |
4th ed. |
| 260 ## - PUBLICATION, DISTRIBUTION, ETC. (IMPRINT) |
| Place of publication, distribution, etc. |
Belmont, CA : |
| Name of publisher, distributor, etc. |
Brooks/Cole Cengage Learning, |
| Date of publication, distribution, etc. |
c2011. |
| 300 ## - PHYSICAL DESCRIPTION |
| Extent |
1 v. (various pagings) : |
| Other physical details |
ill. (some col.) ; |
| Dimensions |
28 cm. |
| 500 ## - GENERAL NOTE |
| General note |
Includes index. |
| 650 #0 - SUBJECT ADDED ENTRY--TOPICAL TERM |
| Topical term or geographic name as entry element |
Mathematics. |
| 700 1# - ADDED ENTRY--PERSONAL NAME |
| Personal name |
Gustafson, R. David |
| Fuller form of name |
(Roy David), |
| Dates associated with a name |
1936- |
| 700 1# - ADDED ENTRY--PERSONAL NAME |
| Personal name |
Koenig, Diane R. |
| 856 42 - ELECTRONIC LOCATION AND ACCESS |
| Materials specified |
Publisher description |
| Uniform Resource Identifier |
<a href="http://www.loc.gov/catdir/enhancements/fy1212/2009933930-d.html">http://www.loc.gov/catdir/enhancements/fy1212/2009933930-d.html</a> |
| 856 41 - ELECTRONIC LOCATION AND ACCESS |
| Materials specified |
Table of contents only |
| Uniform Resource Identifier |
<a href="http://www.loc.gov/catdir/enhancements/fy1212/2009933930-t.html">http://www.loc.gov/catdir/enhancements/fy1212/2009933930-t.html</a> |
| 856 42 - ELECTRONIC LOCATION AND ACCESS |
| Materials specified |
Contributor biographical information |
| Uniform Resource Identifier |
<a href="http://www.loc.gov/catdir/enhancements/fy1303/2009933930-b.html">http://www.loc.gov/catdir/enhancements/fy1303/2009933930-b.html</a> |
| 906 ## - LOCAL DATA ELEMENT F, LDF (RLIN) |
| a |
7 |
| b |
cbc |
| c |
origcop |
| d |
3 |
| e |
epcn |
| f |
20 |
| g |
y-gencatlg |
| 942 ## - ADDED ENTRY ELEMENTS (KOHA) |
| Source of classification or shelving scheme |
|
| Koha item type |
Hard Covered Materials |
| Classification part |
QA 39.3 .T87 2011 |